MARC

Tag First Indicator Second Indicator Subfields
LEADER 00000cam a2200000 a 4500
001 in00002344113
005 20151108080932.0
008 070530s2008 inua b s101 0 eng
010 |a  2007020383 
015 |a GBA776891  |2 bnb 
016 7 |a 014015616  |2 Uk 
019 |a 173498795 
020 |a 9780253349460 (cloth : alk. paper) 
020 |a 025334946X (cloth : alk. paper) 
020 |a 9780253219350 (paper : alk. paper) 
020 |a 0253219353 (paper : alk. paper) 
029 1 |a NLGGC  |b 306295393 
035 |a (OCoLC)ocn137331377 
035 |a (OCoLC)137331377  |z (OCoLC)173498795 
040 |a DLC  |c DLC  |d BTCTA  |d BAKER  |d C#P  |d YDXCP  |d CDX  |d SHH  |d UKM  |d TXA  |d UtOrBLW 
049 |a TXAM 
050 0 0 |a AM7  |b .M8813 2008 
082 0 0 |a 069  |2 22 
245 0 0 |a Museums and difference /  |c edited by Daniel J. Sherman. 
246 1 8 |a Museums & difference 
264 1 |a Bloomington :  |b Indiana University Press,  |c [2008] 
264 4 |c ©2008 
300 |a x, 386 pages :  |b illustrations ;  |c 25 cm. 
336 |a text  |b txt  |2 rdacontent 
337 |a unmediated  |b n  |2 rdamedia 
338 |a volume  |b nc  |2 rdacarrier 
490 1 |a 21st Century studies ;  |v v. 2 
500 |a "This book grows out of a conference by the same name organized by the Center for 21st Century Studies, University of Wisconsin--Milwaukee, on November 14-15, 2003"--P. ix. 
504 |a Includes bibliographical references and index. 
505 0 |a Art museums and commonality : a history of high ideals / Andrew McClellan -- "The last wild Indian in North America" : changing museum representations of Ishi / Ira Jacknis -- National museums and other cultures in modern Japan / Angus Lockyer -- Cultural difference and cultural diversity : the case of the Musée du Quai Branly / Nélia Dias -- Gunther von Hagen's body worlds : exhibitionary practice, German history, and difference / Peter M. McIsaac -- Meta Warrick's 1907 "Negro Tableaux" and (re)presenting African American historical memory / W. Fitzhugh Brundage -- Skulls on display : the science of race in Paris's Musée de l'Homme, 1928-1950 / Alice L. Conklin -- Dossier : "Inventing race" in Los Angeles / Ilona Katzew and Daniel J. Sherman -- Living and dying : ethnography, class, and aesthetics in the British Museum / Lissant Bolton -- Museums and historical amnesia / William H. Truettner. 
650 0 |a Museums  |x Social aspects  |v Congresses. 
650 0 |a Museums  |x Social aspects  |v Case studies  |v Congresses. 
650 0 |a Museum exhibits  |x Social aspects  |v Congresses. 
650 0 |a Difference (Psychology)  |x Social aspects  |v Congresses. 
650 0 |a Cultural pluralism  |v Congresses. 
700 1 |a Sherman, Daniel J. 
710 2 |a University of Wisconsin--Milwaukee.  |b Center for 21st Century Studies. 
830 0 |a 21st Century studies ;  |v v. 2. 
856 4 1 |3 Table of contents only  |u http://www.loc.gov/catdir/toc/ecip0719/2007020383.html  |t 0 
938 |a Baker and Taylor  |b BTCP  |n BK0007169406 
938 |a Baker & Taylor  |b BKTY  |c 75.00  |d 75.00  |i 025334946X  |n 0007169406  |s active 
938 |a Baker & Taylor  |b BKTY  |c 27.95  |d 27.95  |i 0253219353  |n 0007169362  |s active 
938 |a Coutts Information Services  |b COUT  |n 6004001 
938 |a YBP Library Services  |b YANK  |n 2573961 
948 |a cataloged  |b h  |c 2008/2/12  |d c  |e vilik  |f 2:11:47 pm 
994 |a C0  |b TXA 
999 |a MARS 
999 f f |s 9ce9c51c-1cef-3fe6-afd2-7f00b405aa5b  |i 0d923947-bf96-306d-861d-f293c932e089  |t 0 
952 f f |p normal  |a Texas A&M University  |b College Station  |c Sterling C. Evans Library  |d Evans: Library Stacks  |t 0  |e AM7 .M8813 2008  |h Library of Congress classification  |i unmediated -- volume  |m A14836568863 
998 f f |a AM7 .M8813 2008  |t 0  |l Evans: Library Stacks